Sanat - "Lounatuulen laulu" - Statistics

Yleistilastot
  • Tätä visaa on pelattu 25 kertaa
  • Keskiarvotulos 66 / 125
Vastaustilastot
Vastaus % Oikein
Lounatuuli
100%
lounatuuli
100%
se
94%
ja
88%
laulun
88%
on
88%
sen
88%
kun
81%
tuuli
81%
kenelle
75%
kertoo
75%
lohikäärme
75%
lounatuulen
75%
pienen
75%
tuo
75%
korvat
69%
nauravat
69%
saa
69%
joilla
63%
niille
63%
selässä
63%
silmät
63%
tuhat
63%
viiriäiset
63%
ajaa
56%
että
56%
jos
56%
kiinassa
56%
maa
56%
Mitä
56%
mitä
56%
nauraa
56%
rajaa
56%
siellä
56%
Siellä
56%
tai
56%
varpuset
56%
ylittää
56%
hilpeät
50%
hypätä
50%
ikkunaa
50%
iloinen
50%
joku
50%
lapsien
50%
lohikäärmettä
50%
narua
50%
nauravaa
50%
sävelet
50%
silkki
50%
tietää
50%
hyvän
44%
kaverin
44%
lohikäärmeitten
44%
löytää
44%
ihastus
38%
katsoo
38%
kohottaa
38%
lohikäärmeet
38%
nimeltä
38%
polkkaa
38%
Sillä
38%
sillä
38%
sylissään
38%
tanssii
38%
Anselmus
31%
jolla
31%
kanelinkukkia
31%
neidin
31%
uusi
31%
varistaa
31%
kanelinkukka
25%
maljoja
25%
pilvenhöyhentä
25%
hampaissaan
19%
ihmisen
19%
Kas
19%
lohikäärmeen
19%
neiti
19%
pitkä
19%
puu
19%
siivet
19%
sininen
19%
tukka
19%
vaeltaa
19%
auringonsäteistä
13%
heiluttaa
13%
hopeaa
13%
juo
13%
käärme
13%
korviaan
13%
kuulostaa
13%
makeaa
13%
omenaviiniä
13%
vihreitä
13%
viikset
13%
polulle
6%
silmissä
6%
Ehtoja vastaavia visoja ei löytynyt
Tulosjakauma
Jokaisen tuloksen saaneiden osuus
Persentiili vastausten määrän mukaan
Tuloshistoriasi
Et ole pelannut tätä visaa